LEADER 01014nam a2200265 i 4500 001 000000077743 003 CaOOAMICUS 005 20110210000000.0 008 110210s1997 it u000 u fre u 013 $a48917 020 $a2-204-05773-8 040 $aSeMil$bita 100 1 $aHameline, Jean-Yves <1931-2013>.$0(OLS)http://semarc/name/38212 245 14$aUne poétique du rituel /$cJean-Yves Hameline. 260 $aParis :$bLes Éditions du Cerf,$ccopyr. 1997. 300 $a215 p. ;$c22 cm. 490 0 $aLiturgie ;$v9 650 4$aRito.$0(OLS)http://semarc/subject/8970 830 0$aLiturgie ;$v9.$0(OLS)http://semarc/title/432467 850 $aSeMil 852 $aSeMil$W1$xVenegono$y1$m3K III 477$j43895$B43895$CSeMilBibl$Z2$F43447 $81 961 $aAcquisto: SODIS 996 $6020$a2-204-05773-8$9(OLS)http://semarc/number/59659 996 $6245$aUne poétique du rituel$9(OLS)http://semarc/title/126300 996 $6260$aParis :$bLes Éditions du Cerf$9(OLS)http://semarc/publisher/29611 LEADER 01067nam a2200241 4500 001 000000364521 003 CaOOAMICUS 005 20250929122249.0 008 250929s1996 gw 000 u ger r 020 $a3-17-012045-X 040 $aSeMil$bita 100 1 $aDassmann, Ernst,$d<1931- >.$0(OLS)http://semarc/name/9446 245 10$a2.1: Konstantinische Wende und spätantike Reichskirche /$cErnst Dassmann. 264 1$aStuttgart :$bKohlhammer,$c1996. 300 $a224 p. ;$c24 cm 773 0 $aDassmann, Ernst, <1931- >$tKirchengeschichte.$dStuttgart : Kohlhammer, 1991-$kKohlhammer Studienbücher Theologie$g2$w()364519 850 $aSeMil 852 $aSeMil$W1$xVenegono$y1$m2W V 52$j262453$B255382$CSeMilBibl$Z2$F255382 $81 961 $aBuzzi mons. Franco - Omaggio 996 $6020$a3-17-012045-X$9(OLS)http://semarc/number/304231 996 $6245$a2.1: Konstantinische Wende und spätantike Reichskirche$9(OLS)http://semarc/title/455918 996 $6264$aStuttgart :$bKohlhammer$9(OLS)http://semarc/publisher/29983